Pericyclic reaction; A mechanistic study (Record no. 48095)

MARC details
000 -LEADER
fixed length control field 00297nam a2200121Ia 4500
008 - FIXED-LENGTH DATA ELEMENTS--GENERAL INFORMATION
fixed length control field 230917s9999||||xx |||||||||||||| ||und||
040 ## - CATALOGING SOURCE
-- 192518
Original cataloging agency VIVEKANANDA LIBRARY
041 ## - Language
-- English
082 ## - DDC NUMBER
Classification number 547.139 M896P
100 ## - MAIN ENTRY--PERSONAL NAME
Personal name Mukherji, S M
245 #0 - TITLE STATEMENT
Title Pericyclic reaction; A mechanistic study
942 ## - ADDED ENTRY ELEMENTS (KOHA)
Koha item type Books
Holdings
Withdrawn status Lost status Damaged status Not for loan Location (home branch) Sublocation or collection (holding branch) Date acquired Koha issues (times borrowed) Koha full call number Accession No. Koha date last seen Koha item type
        VIVEKANANDA LIBRARY VIVEKANANDA LIBRARY 27/10/2011 3 547.139 M896P 115431 15/05/2025 Books
© Designed and Maintained by Vivekananda Library, MDU Rohtak